000 00301nam a2200121 a 4500
005 20141022142002.0
008 120307s19uu xx 00 eng d
050 _aCD
_bJ21 2006
100 _aJakeman, Vanessa
245 _aAction plan for IELTS /
_cVanessa Jakeman.
260 _c2006.
942 _cAVM
999 _c276341
_d276341